01850nam a22003374a 4500001001200000003000800012006001900020007001500039008004100054010001700095020001500112020002100127040002100148035002000169050002300189245046200212260005800674300002400732504005400756533015200810650003800962650004001000650004201040655002901082700002401111700002301135710012901158710008201287710001701369856012601386ebr10120231CaPaEBRm u cr cn|||||||||060207s2006 dcua sb 000 0 eng  z 2006921870 z0309100674 z0309655234 (pdf) aCaPaEBRcCaPaEBR a(OCoLC)6629594114aQH447b.R43 2006eb00aReaping the benefits of genomic and proteomic researchh[electronic resource] :bintellectual property rights, innovation, and public health /cCommittee on Intellectual Property Rights in Genomic and Protein Research and Innovation, Board on Science, Technology, and Economic Policy, Committee on Science, Technology, and Law Policy and Global Affairs, National Research Council of the National Academies ; Stephen A. Merrill and Anne-Marie Mazza, editors. aWashington, D.C. :bNational Academies Press,cc2006. axvi, 171 p. :bill. aIncludes bibliographical references (p. 150-154). aElectronic reproduction.bPalo Alto, Calif. :cebrary,d2013.nAvailable via World Wide Web.nAccess may be limited to ebrary affiliated libraries. 0aGenomicszUnited StatesvPatents. 0aProteomicszUnited StatesvPatents. 0aIntellectual propertyzUnited States. 7aElectronic books.2local1 aMerrill, Stephen A.1 aMazza, Anne-Marie.2 aNational Research Council (U.S.).bCommittee on Intellectual Property Rights in Genomic and Protein Research and Innovation.2 aNational Research Council (U.S.).bCommittee on Science, Technology, and Law.2 aebrary, Inc.40uhttp://site.ebrary.com/lib/rucke/Doc?id=10120231zAn electronic book accessible through the World Wide Web; click to view